| 000 | 00508nam a2200181Ia 4500 | ||
|---|---|---|---|
| 001 | 21303 | ||
| 005 | 20260306172909.0 | ||
| 008 | 260306t2017||||xx |||||||||||||| ||spa|| | ||
| 041 | _aESP | ||
| 082 |
_a344.525 _bP26 |
||
| 100 |
_aPariona Pastrana, Josué _eAUT |
||
| 245 | 0 |
_aEl delito precedente en el delito de lavado de activos: _baspectos sustantivos y consecuencias procesales |
|
| 260 | _c2017 | ||
| 300 |
_a396 páginas : _c25 cm. |
||
| 650 | _aGEN | ||
| 654 | _aCDE | ||
| 942 |
_cLIB _dJUS _fJUS _2ddc _n |
||
| 999 |
_c21303 _d21303 |
||